Męskie imiona na literę Z - Statystyki

Ogólne statystyki
  • Ten quiz został rozwiązany 74 razy
  • Średni wynik to 4 z 8
Statystyki odpowiedzi
Odpowiedź % Poprawnych
Zenon
92%
Zbigniew
91%
Zdzisław
74%
Zygmunt
65%
Ziemowit
32%
Zygfryd
31%
Zachariasz
22%
Zawisza
3%
Nie znaleziono quizów pasujących do podanych kryteriów
Rozkład punktacji
Procent ludzi z każdym wynikiem
Percentyl według liczby udzielonych odpowiedzi
Twoja historia wyników
Nie rozwiązałeś tego quizu